Problemas literarios y estéticos /
Збережено в:
| Автор: | |
|---|---|
| Формат: | Невідомо |
| Мова: | Spanish |
| Опубліковано: |
La Habana, Cuba:
Editorial Arte y Literatura,
1986
|
| Предмети: | |
| Теги: |
Додати тег
Немає тегів, Будьте першим, хто поставить тег для цього запису!
|
MARC
| LEADER | 000000000a22000000004500 | ||
|---|---|---|---|
| 001 | 000325 | ||
| 008 | 140611s1986 cu |||f |||| 000 0 spa d | ||
| 041 | 0 | |a español | |
| 082 | |a 809 |b B165p | ||
| 100 | 1 | |a Bajtin, Mijail Mijailovich |d 1895-1975 | |
| 245 | 1 | 0 | |a Problemas literarios y estéticos / |c Mijail M. Bajtín |
| 260 | |a La Habana, Cuba: |b Editorial Arte y Literatura, |c 1986 | ||
| 300 | |a 568 páginas | ||
| 500 | |a Número de inscripción 05371 | ||
| 650 | 4 | |a LITERATURA |x HISTORIA Y CRITICA | |
| 650 | 4 | |a ESTETICA | |
| 942 | |2 ddc |c BK | ||
| 999 | |c 1137 |d 1137 | ||
